Sustainable Entrepreneurship: Innovation and Transformation (Record no. 43363)
[ view plain ]
| 000 -LEADER | |
|---|---|
| fixed length control field | 00505nam a22001697a 4500 |
| 005 - DATE AND TIME OF LATEST TRANSACTION | |
| control field | 20250324142215.0 |
| 008 - FIXED-LENGTH DATA ELEMENTS--GENERAL INFORMATION | |
| fixed length control field | 250324b |||||||| |||| 00| 0 eng d |
| 020 ## - INTERNATIONAL STANDARD BOOK NUMBER | |
| International Standard Book Number | 9789390513840 |
| 041 ## - LANGUAGE CODE | |
| Language code of text/sound track or separate title | Eng. |
| 082 ## - DEWEY DECIMAL CLASSIFICATION NUMBER | |
| Classification number | 658.421 DEY |
| 100 ## - MAIN ENTRY--PERSONAL NAME | |
| Author | Dey, Ajoy Kumar |
| 245 ## - TITLE STATEMENT | |
| Title | Sustainable Entrepreneurship: Innovation and Transformation |
| 260 ## - PUBLICATION, DISTRIBUTION, ETC. | |
| Place | New Dehli |
| Publisher | Bloomsbury India |
| Publication Year | 2020 |
| 300 ## - PHYSICAL DESCRIPTION | |
| Extent | 290;. P. 24 cm |
| 650 ## - SUBJECT ADDED ENTRY--TOPICAL TERM | |
| Subject | Sustainable Development; Entrepreneurship-Environmental Aspects |
| 942 ## - ADDED ENTRY ELEMENTS (KOHA) | |
| Koha item type | Books |
| Withdrawn status | Lost status | Source of classification or shelving scheme | Damaged status | Not for loan | Home library | Current library | Shelving location | Accession Date | Vendor | Price | Bill number | Full call number | Barcode No | Date last seen | Discount | Bill Date | Koha item type | Suggested By |
|---|---|---|---|---|---|---|---|---|---|---|---|---|---|---|---|---|---|---|
| Dewey Decimal Classification | IMTN | IMTN | Rack 32-A | 03/18/2025 | Raghav Books Private Limited | 999.00 | 2374 | 658.421 DEY | 33654 | 03/24/2025 | 30 | 02/14/2025 | Books | Dr. P. Janaki Ramudu |